[Event "Mercredi 2018.11.14 ABCD"]
[Site "Montreal CAN"]
[Date "2018.11.21"]
[Round "2"]
[White "Zhang, Chu Hang"]
[Black "Gates, Claude-Eric"]
[Result "1/2-1/2"]
[WhiteElo "1807"]
[BlackElo "1815"]
[PlyCount "57"]
[EventDate "2018.11.14"]
[EventType "tourn"]
[EventRounds "5"]
[EventCountry "CAN"]

1. d4 Nf6 2. e3 g6 3. Bd3 d5 4. Nf3 Bg7 5. Nbd2 O-O 6. Ne5 Nbd7 7. f4 c5 8. c3
cxd4 9. exd4 Ne8 10. O-O f6 11. Nxg6 hxg6 12. Bxg6 f5 13. Qh5 Ndf6 14. Qh3 Nd6
15. Nf3 e6 16. Ng5 Re8 17. Bxe8 Qxe8 18. Qe3 Nde4 19. Nxe4 dxe4 20. Qe2 Bd7 21.
c4 Bc6 22. Be3 Qg6 23. Rad1 Rd8 24. b3 Ng4 25. Rd2 Nf6 26. Rfd1 Qg4 27. Qf2 a6
28. h3 Qg6 29. a4 1/2-1/2

[Event "Mercredi 2018.11.14 ABCD"]
[Site "Montreal CAN"]
[Date "2018.11.28"]
[Round "3"]
[White "Alcantara, Maximo jr"]
[Black "Zhang, Chu Hang"]
[Result "1-0"]
[WhiteElo "1815"]
[BlackElo "1807"]
[PlyCount "79"]
[EventDate "2018.11.14"]
[EventType "tourn"]
[EventRounds "5"]
[EventCountry "CAN"]

1. Nf3 Nf6 2. d4 d5 3. g3 b6 4. Bg2 Bb7 5. O-O e6 6. Re1 Nbd7 7. c3 Bd6 8. Nbd2
h6 9. Nf1 O-O 10. N3d2 c5 11. Nb3 Rc8 12. Be3 Qc7 13. Rc1 Ng4 14. Bd2 f5 15. f4
h5 16. h3 Ngf6 17. h4 Ne4 18. Be3 Ndf6 19. Nbd2 Ng4 20. Nxe4 Nxe3 21. Nxe3 fxe4
22. Bh3 Rce8 23. Ng2 e3 24. Qd3 c4 25. Qxe3 e5 26. Qf3 exf4 27. Qxh5 Qf7 28.
Qxf7+ Rxf7 29. g4 Bc8 30. Kf2 Ref8 31. Kf3 Be6 32. Rh1 Re7 33. Rce1 Bf7 34. g5
Bh5+ 35. Bg4 Re3+ 36. Nxe3 fxe3+ 37. Kxe3 Bf4+ 38. Kf3 Bd2+ 39. Kg3 Bf4+ 40.
Kh3 1-0

[Event "Mercredi 2018.11.14 ABCD"]
[Site "Montreal CAN"]
[Date "2018.11.28"]
[Round "3"]
[White "Brodie, Hugh"]
[Black "Baran, Marius"]
[Result "1-0"]
[WhiteElo "1859"]
[BlackElo "1789"]
[PlyCount "91"]
[EventDate "2018.11.14"]
[EventType "tourn"]
[EventRounds "5"]
[EventCountry "CAN"]

1. Nf3 Nf6 2. c4 e6 3. b3 d5 4. Bb2 Be7 5. e3 c5 6. Be2 O-O 7. O-O Nc6 8. cxd5
exd5 9. d4 Bf5 10. dxc5 Bxc5 11. Nc3 d4 12. Na4 Be7 13. Nxd4 Nxd4 14. Bxd4 Be4
15. Bf3 Bxf3 16. Qxf3 Qd5 17. Qxd5 Nxd5 18. Rfc1 Ba3 19. Bb2 Bxb2 20. Nxb2 Rac8
21. Nd3 g6 22. Kf1 Rfd8 23. Rxc8 Rxc8 24. Rc1 Rxc1+ 25. Nxc1 f5 26. Ke2 Kf7 27.
Kd2 Ke6 28. Nd3 Kd6 29. f3 b6 30. h3 a6 31. e4 fxe4 32. fxe4 Nc7 33. Ke3 g5 34.
a4 a5 35. Kd4 h5 36. g3 Ne6+ 37. Ke3 Nc7 38. h4 gxh4 39. gxh4 Ne6 40. Nf4 Nc5
41. Nxh5 Ke5 42. Ng3 Nxb3 43. h5 Nc5 44. h6 Kf6 45. Nf5 Nxa4 46. h7 1-0

[Event "Mercredi 2018.11.14 ABCD"]
[Site "Montreal CAN"]
[Date "2018.11.28"]
[Round "3"]
[White "Gates, Claude-Eric"]
[Black "Beaulieu, Pierre"]
[Result "1-0"]
[WhiteElo "1815"]
[BlackElo "1893"]
[PlyCount "125"]
[EventDate "2018.11.14"]
[EventType "tourn"]
[EventRounds "5"]
[EventCountry "CAN"]

1. e4 g6 2. d4 Bg7 3. Nc3 d6 4. Nf3 Bg4 5. Be3 Nd7 6. Be2 Bxf3 7. Bxf3 c6 8.
Qd2 a5 9. O-O Qc7 10. Rad1 Ngf6 11. Be2 b5 12. Bd3 b4 13. Ne2 Ng4 14. Bf4 e5
15. dxe5 dxe5 16. Bg3 O-O 17. h3 Ngf6 18. f4 Nh5 19. f5 Nc5 20. Bf2 Nxd3 21.
Qxd3 Rfd8 22. Qf3 Nf4 23. Be3 Rxd1 24. Rxd1 Nxe2+ 25. Qxe2 Rd8 26. Rd3 Bf8 27.
g4 c5 28. Qd2 Rxd3 29. Qxd3 c4 30. Qd5 a4 31. b3 cxb3 32. cxb3 a3 33. Qc4 Qd7
34. Qc2 h5 35. Kg2 hxg4 36. hxg4 Qb5 37. Kf2 gxf5 38. gxf5 Be7 39. Qe2 Qc6 40.
Qg4+ Kf8 41. Qe2 Qf6 42. Qg4 Qc6 43. Qe2 Bh4+ 44. Kf1 Bf6 45. Qd3 Be7 46. Ke2
Qf6 47. Bf2 Qg5 48. Qe3 Qh5+ 49. Qf3 Qh6 50. Qe3 Qh1 51. Be1 Qg2+ 52. Bf2 Qh1
53. Be1 Qg2+ 54. Bf2 Bg5 55. Qc5+ Kg7 56. Qxe5+ Bf6 57. Qg3+ Qxg3 58. Bxg3 Kh6
59. Kf3 Bc3 60. e5 Kg5 61. Ke4 Kg4 62. Bf2 Kh3 63. Bc5 1-0

[Event "Mercredi 2018.11.14 ABCD"]
[Site "Montreal CAN"]
[Date "2018.11.28"]
[Round "3"]
[White "Have, Didier"]
[Black "Langlois-Remillard, Alexis"]
[Result "1-0"]
[WhiteElo "2058"]
[BlackElo "2157"]
[PlyCount "65"]
[EventDate "2018.11.14"]
[EventType "tourn"]
[EventRounds "5"]
[EventCountry "CAN"]

1. d4 g6 2. Bf4 Bg7 3. Nc3 d6 4. e4 Nd7 5. Nf3 a6 6. Bc4 e6 7. Qd2 h6 8. Be3
Ne7 9. Ng1 b5 10. Bd3 Rb8 11. f4 b4 12. Nce2 c5 13. c3 Qb6 14. Rb1 a5 15. Nf3
d5 16. e5 c4 17. Bc2 b3 18. axb3 cxb3 19. Bd3 Ba6 20. Nc1 O-O 21. g4 Rfc8 22.
h4 Bxd3 23. Nxd3 Rc4 24. h5 Qc6 25. hxg6 f5 26. exf6 Nxf6 27. Nde5 Qb7 28. f5
Kf8 29. Bxh6 Neg8 30. g5 Ne4 31. Qf4 Ke8 32. Bxg7 Qxg7 33. Nxc4 1-0

[Event "Mercredi 2018.11.14 ABCD"]
[Site "Montreal CAN"]
[Date "2018.11.28"]
[Round "3"]
[White "Kapush, Oleksandr"]
[Black "Ostaci, Liviu"]
[Result "1-0"]
[WhiteElo "1753"]
[BlackElo "1712"]
[PlyCount "41"]
[EventDate "2018.11.14"]
[EventType "tourn"]
[EventRounds "5"]
[EventCountry "CAN"]

1. e4 e6 2. d4 d5 3. Nd2 g6 4. c3 Bg7 5. e5 Ne7 6. Bd3 c5 7. Ne2 c4 8. Bc2 Nbc6
9. O-O h5 10. b3 b5 11. a4 cxb3 12. Nxb3 bxa4 13. Nc5 Bf8 14. Bxa4 Qc7 15. Nf4
Kd8 16. c4 Nxe5 17. dxe5 Qxc5 18. cxd5 Nxd5 19. Nxd5 exd5 20. Be3 d4 21. Bxd4
1-0

[Event "Mercredi 2018.11.14 ABCD"]
[Site "Montreal CAN"]
[Date "2018.11.28"]
[Round "3"]
[White "Lalonde, Paul"]
[Black "Barko, Maxim"]
[Result "1-0"]
[WhiteElo "1965"]
[BlackElo "1937"]
[PlyCount "99"]
[EventDate "2018.11.14"]
[EventType "tourn"]
[EventRounds "5"]
[EventCountry "CAN"]

1. e4 c5 2. Nf3 Nc6 3. Bc4 e6 4. Nc3 a6 5. a4 Qc7 6. O-O Nge7 7. Re1 Nd4 8. d3
d6 9. Nxd4 cxd4 10. Ne2 Nc6 11. Ng3 Bd7 12. Bd2 Na5 13. Ba2 b5 14. f4 Be7 15.
Qg4 g6 16. f5 h5 17. Qf3 Nc6 18. fxe6 fxe6 19. axb5 Ne5 20. Qd1 axb5 21. Bxe6
Rxa1 22. Bxd7+ Kxd7 23. Qxa1 Qxc2 24. Qa7+ Ke6 25. Ne2 Nc6 26. Bc1 Nxa7 27.
Nxd4+ Ke5 28. Nxc2 Rc8 29. d4+ Ke6 30. Re2 b4 31. Bf4 b3 32. d5+ Kd7 33. Nd4
Bf6 34. Nxb3 Rb8 35. Re3 Bxb2 36. Rd3 Rb4 37. Nd2 Ra4 38. Rb3 Bd4+ 39. Kf1 Kc7
40. Ke2 Ra2 41. Be3 Be5 42. h3 Nc8 43. Kd3 Ra4 44. Nc4 Bg3 45. Bd4 Ra2 46. Rc3
Kd7 47. Rc2 Ra4 48. e5 dxe5 49. Nxe5+ Bxe5 50. Bxe5 {...} 1-0

[Event "Mercredi 2018.11.14 ABCD"]
[Site "Montreal CAN"]
[Date "2018.11.28"]
[Round "3"]
[White "Lopez Linares, Lizandro"]
[Black "Tremblay, Alain"]
[Result "1-0"]
[WhiteElo "2084"]
[BlackElo "2269"]
[PlyCount "77"]
[EventDate "2018.11.14"]
[EventType "tourn"]
[EventRounds "5"]
[EventCountry "CAN"]

1. d4 d6 2. Nf3 g6 3. Bf4 Bg7 4. e3 Nf6 5. h3 O-O 6. Nbd2 b6 7. Be2 Bb7 8. O-O
Nbd7 9. Bh2 Re8 10. a4 a5 11. c3 c5 12. Qb3 Rb8 13. Bc4 d5 14. Bb5 Rc8 15. Ne5
Rf8 16. Nxd7 Nxd7 17. Bxd7 Qxd7 18. Qxb6 Rc6 19. Qb3 Ba6 20. Rfe1 Qf5 21. dxc5
Rfc8 22. Rad1 Rxc5 23. e4 dxe4 24. Nxe4 Rc4 25. Nd2 R4c6 26. Rxe7 Rd8 27. Rde1
Rdc8 28. g4 Qg5 29. Ne4 Qh4 30. Rd7 Bc4 31. Qd1 Be6 32. Bg3 Qxh3 33. Rd8+ Bf8
34. Rxf8+ Kxf8 35. Bd6+ Rxd6 36. Qxd6+ Kg7 37. Qd4+ Kf8 38. Qh8+ Ke7 39. Qxc8
1-0

[Event "Mercredi 2018.11.14 ABCD"]
[Site "Montreal CAN"]
[Date "2018.11.28"]
[Round "3"]
[White "Nardone, Raul"]
[Black "O'Neill, Brendon"]
[Result "1-0"]
[WhiteElo "1747"]
[BlackElo "1774"]
[PlyCount "95"]
[EventDate "2018.11.14"]
[EventType "tourn"]
[EventRounds "5"]
[EventCountry "CAN"]

1. d4 f5 2. Bg5 h6 3. Bh4 g5 4. e3 Nf6 5. Bg3 Bg7 6. Nc3 O-O 7. Nh3 d6 8. Bc4+
d5 9. Bb3 c6 10. Qd2 Kh8 11. Be5 Nbd7 12. f4 g4 13. Nf2 b5 14. a3 a5 15. Nd3
Qb6 16. Bxf6 Nxf6 17. Ne5 Kh7 18. Qf2 a4 19. Ba2 b4 20. axb4 Ba6 21. b5 Bxb5
22. h3 Qa5 23. Qd2 g3 24. Nd3 Qd8 25. O-O e6 26. Nc5 Qc8 27. Nxb5 cxb5 28. Qb4
Qe8 29. Bb1 Rg8 30. Qe1 Bf8 31. Nd3 Be7 32. c3 Qh5 33. Ne5 Ng4 34. Qd1 Qh4 35.
Nxg4 Rxg4 36. Qxg4 Qf6 37. Qxg3 Rg8 38. Qf3 Qg6 39. Bd3 b4 40. cxb4 Bxb4 41.
Rxa4 Bd2 42. Rf2 Be1 43. Rc2 Qe8 44. Ra7+ Kh8 45. Rcc7 Rg6 46. Ba6 Ba5 47. Rc8
Bd8 48. Raa8 1-0

[Event "Mercredi 2018.11.14 ABCD"]
[Site "Montreal CAN"]
[Date "2018.11.28"]
[Round "3"]
[White "Nunez, Omar"]
[Black "Boudreau, Daniel"]
[Result "1-0"]
[WhiteElo "1973"]
[BlackElo "2042"]
[PlyCount "61"]
[EventDate "2018.11.14"]
[EventType "tourn"]
[EventRounds "5"]
[EventCountry "CAN"]

1. e4 c5 2. Nf3 e6 3. d3 Nc6 4. g3 d6 5. Bg2 Nf6 6. Nc3 Be7 7. O-O O-O 8. Nh4
Rb8 9. f4 Bd7 10. a4 a6 11. e5 Nd5 12. Nxd5 exd5 13. exd6 Bxh4 14. gxh4 d4 15.
f5 Qf6 16. Qh5 g6 17. fxg6 Qxg6 18. Qg5 b6 19. h5 Qxg5 20. Bxg5 f5 21. Rf2 Kg7
22. Raf1 Ne5 23. Be7 Rf7 24. Bd5 Kh6 25. Bxf7 Nxf7 26. b3 Ne5 27. h3 Kxh5 28.
Rxf5+ Kh6 29. Rxe5 Rg8+ 30. Kh2 Bc6 31. Rf6+ 1-0

[Event "Mercredi 2018.11.14 ABCD"]
[Site "Montreal CAN"]
[Date "2018.11.28"]
[Round "3"]
[White "O'Connor, Michael"]
[Black "Giurgiev, Silvius"]
[Result "1/2-1/2"]
[WhiteElo "1716"]
[BlackElo "1713"]
[PlyCount "64"]
[EventDate "2018.11.14"]
[EventType "tourn"]
[EventRounds "5"]
[EventCountry "CAN"]

1. d4 f5 2. e4 fxe4 3. Nc3 Nf6 4. Bg5 c6 5. f3 d5 6. Bxf6 exf6 7. fxe4 dxe4 8.
Nxe4 Qe7 9. Qe2 Kf7 10. O-O-O f5 11. Nc3 Qxe2 12. Bxe2 Bb4 13. Bc4+ Kf6 14.
Nce2 Nd7 15. Nf3 Re8 16. c3 Ba5 17. Rhe1 Bc7 18. g3 a5 19. Neg1 Rxe1 20. Rxe1
Nb6 21. Bd3 Be6 22. Bb1 Nd7 23. Ng5 Bg8 24. N5h3 h5 25. Nf4 g6 26. Nf3 Bf7 27.
h4 Re8 28. Rxe8 Bxe8 29. Ng5 Nf8 30. Kd2 Ke7 31. Ke3 Kd6 32. Bd3 b5 1/2-1/2

[Event "Mercredi 2018.11.14 ABCD"]
[Site "Montreal CAN"]
[Date "2018.11.28"]
[Round "3"]
[White "Pomerantz, Daniel"]
[Black "Abdelaal, Ibrahim"]
[Result "1/2-1/2"]
[WhiteElo "2120"]
[BlackElo "2066"]
[PlyCount "72"]
[EventDate "2018.11.14"]
[EventType "tourn"]
[EventRounds "5"]
[EventCountry "CAN"]

1. e4 d5 2. exd5 Nf6 3. Bb5+ Bd7 4. Be2 Bf5 5. Nf3 Nxd5 6. d4 e6 7. O-O Be7 8.
a3 O-O 9. c4 Nf6 10. Nc3 c5 11. d5 exd5 12. cxd5 Bd6 13. Qb3 Nbd7 14. Bg5 Re8
15. Rfe1 Ne5 16. Rad1 c4 17. Qa4 b5 18. Nxb5 Bd7 19. Qa6 Bxb5 20. Qxb5 Rb8 21.
Qa4 Rxb2 22. Bxf6 gxf6 23. Nxe5 Rxe5 24. Qxc4 Qe7 25. Qc8+ Kg7 26. Qg4+ Rg5 27.
Bf3 Bxh2+ 28. Kh1 Qxe1+ 29. Rxe1 Rxg4 30. Bxg4 Bd6 31. Kg1 Bxa3 32. Kf1 Bc5 33.
Re2 Rb1+ 34. Re1 Rb2 35. Re2 Rb1+ 36. Re1 Rb2 1/2-1/2

[Event "Mercredi 2018.11.14 ABCD"]
[Site "Montreal CAN"]
[Date "2018.11.28"]
[Round "3"]
[White "Zheng, Richard"]
[Black "Jacquet, Stephane"]
[Result "1/2-1/2"]
[WhiteElo "2028"]
[BlackElo "1924"]
[PlyCount "111"]
[EventDate "2018.11.14"]
[EventType "tourn"]
[EventRounds "5"]
[EventCountry "CAN"]

1. d4 Nf6 2. e3 g6 3. Bd3 Bg7 4. f4 O-O 5. Nf3 d5 6. Nbd2 c5 7. c3 b6 8. O-O
Bb7 9. b4 cxb4 10. cxb4 Nc6 11. a3 e6 12. Bb2 a5 13. b5 Ne7 14. a4 Ne4 15. Re1
Rc8 16. Qb3 Qd7 17. Rac1 Nf5 18. Nf1 Rfd8 19. Ba3 f6 20. g4 Nfd6 21. Bxd6 Nxd6
22. N1d2 e5 23. h3 exf4 24. e4 Kh8 25. e5 Rxc1 26. Rxc1 Ne4 27. Re1 f5 28. g5
Rc8 29. Qb1 Bf8 30. Rc1 Bb4 31. Nf1 Qd8 32. h4 Kg7 33. Rxc8 Qxc8 34. Qc2 Be7
35. N1d2 h6 36. gxh6+ Kxh6 37. Nb3 Qxc2 38. Bxc2 Bc8 39. Nc1 Kh5 40. Nd3 g5 41.
hxg5 Bxg5 42. Nf2 Bh4 43. Nh3 Bg3 44. Kg2 Kg6 45. Nfg1 Ng5 46. Nxg5 Kxg5 47.
Nh3+ Kh4 48. Ng1 Be6 49. Nf3+ Kh5 50. Ng1 Kg5 51. Nf3+ Kg6 52. Bd1 Bf7 53. Ng1
Kh6 54. Bf3 Kg5 55. Ne2 Be1 56. Kf1 1/2-1/2

[Event "Mercredi 2018.11.14 ABCD"]
[Site "Montreal CAN"]
[Date "2018.12.05"]
[Round "4"]
[White "Baran, Marius"]
[Black "Zhang, Chu Hang"]
[Result "0-1"]
[WhiteElo "1789"]
[BlackElo "1807"]
[PlyCount "137"]
[EventDate "2018.11.14"]
[EventType "tourn"]
[EventRounds "5"]
[EventCountry "CAN"]

1. e4 c5 2. d4 cxd4 3. c3 dxc3 4. Nxc3 Nc6 5. Nf3 e6 6. a3 a6 7. Bc4 Nge7 8.
O-O Ng6 9. Qe2 Be7 10. Rd1 d6 11. Be3 O-O 12. Rac1 b5 13. Ba2 Bb7 14. Nd2 Bg5
15. Nf3 Bxe3 16. Qxe3 Qe7 17. b4 Rfd8 18. Nd2 Rd7 19. f4 Rad8 20. Nf3 d5 21.
exd5 exd5 22. Qb6 Nxf4 23. Re1 Qf6 24. Nxd5 Nxd5 25. Bxd5 Rxd5 26. Qxb7 Ne5 27.
Nxe5 Rxe5 28. Rxe5 Qxe5 29. Qf3 g6 30. h3 Qd4+ 31. Kh2 Qd6+ 32. Kh1 Re8 33. Rd1
Qc7 34. Qd3 h5 35. Qd6 Qxd6 36. Rxd6 Re6 37. Rd3 Kf8 38. Kg1 Ke7 39. Kf2 Rd6
40. Rc3 Kd7 41. Ke3 Rc6 42. Rd3+ Kc7 43. h4 Kb6 44. Kd2 a5 45. bxa5+ Kxa5 46.
Rd4 Rf6 47. Ke2 Re6+ 48. Kd2 f5 49. g3 Re4 50. Rd3 Ka4 51. Rc3 Rg4 52. Rf3 f4
53. gxf4 Rxh4 54. f5 gxf5 55. Rxf5 Rh2+ 56. Kc3 h4 57. Rh5 Rh3+ 58. Kb2 Rb3+
59. Kc2 h3 60. Rh8 Kxa3 61. Rh7 h2 62. Rh8 Rb2+ 63. Kc3 b4+ 64. Kc4 Rc2+ 65.
Kd3 Kb2 66. Rh7 b3 67. Rh8 Kc1 68. Ra8 b2 69. Rg8 0-1

[Event "Mercredi 2018.11.14 ABCD"]
[Site "Montreal CAN"]
[Date "2018.12.05"]
[Round "4"]
[White "Beaulieu, Pierre"]
[Black "Alcantara, Maximo jr"]
[Result "1-0"]
[WhiteElo "1893"]
[BlackElo "1815"]
[PlyCount "169"]
[EventDate "2018.11.14"]
[EventType "tourn"]
[EventRounds "5"]
[EventCountry "CAN"]

1. b3 c6 2. Bb2 d5 3. c4 e6 4. Nf3 Nf6 5. g3 Bc5 6. e3 Nbd7 7. Bg2 O-O 8. O-O
Re8 9. d4 Bd6 10. Nc3 a6 11. Nd2 b5 12. e4 dxe4 13. Ncxe4 Nxe4 14. Bxe4 Bb7 15.
Qf3 Rc8 16. c5 Be7 17. b4 Nf6 18. Bc2 Nd5 19. a3 f5 20. Rfe1 Bg5 21. Nb3 Rc7
22. Na5 Ba8 23. Re2 Rce7 24. Rae1 g6 25. Bb3 Qc7 26. Qd3 Bf6 27. Bc1 Qd7 28.
Bd2 Kg7 29. Bc1 h6 30. h4 Qc7 31. h5 Bg5 32. hxg6 Bxc1 33. Rxc1 Rf8 34. Rce1
Rf6 35. Bxd5 cxd5 36. Qe3 f4 37. Qe5 Qxe5 38. Rxe5 fxg3 39. fxg3 Rxg6 40. Kg2
Kf7 41. Rf1+ Rf6 42. Rf3 Bb7 43. Rfe3 Ba8 44. Kh3 Rf1 45. Rc3 Ke8 46. c6 Kd8
47. Rce3 Rf6 48. Kh4 Rg6 49. Kh5 Rf6 50. g4 Re8 51. Re2 Kc7 52. Rg2 Kd6 53. Rc2
Rc8 54. Rce2 Bxc6 55. g5 Be8+ 56. Kg4 h5+ 57. Kg3 Rc3+ 58. Kh2 Rg6 59. Nb7+ Ke7
60. Nc5 Bd7 61. Rxd5 Bc8 62. Rde5 Rxa3 63. d5 Ra1 64. Ne4 Rd1 65. d6+ Rxd6 66.
Nxd6 Kxd6 67. Kg3 Bb7 68. R2e3 Bd5 69. Kh4 Bb3 70. Rc5 Bd5 71. Ra3 Ke5 72. Kxh5
Rg8 73. Kh6 Kf5 74. Rg3 Rg6+ 75. Kh5 Rg8 76. Rf3+ Ke4 77. Rf6 Rh8+ 78. Kg6 Rg8+
79. Kh6 Ke5 80. Rf2 Kd6 81. g6 Be4 82. g7 Bf5 83. Rfxf5 exf5 84. Rxf5 Kc6 85.
Kh7 1-0

[Event "Mercredi 2018.11.14 ABCD"]
[Site "Montreal CAN"]
[Date "2018.12.05"]
[Round "4"]
[White "Boudreau, Daniel"]
[Black "Lalonde, Paul"]
[Result "1-0"]
[WhiteElo "2042"]
[BlackElo "1965"]
[PlyCount "80"]
[EventDate "2018.11.14"]
[EventType "tourn"]
[EventRounds "5"]
[EventCountry "CAN"]

1. e4 c6 2. d4 d5 3. exd5 cxd5 4. c4 Nf6 5. Nc3 Nc6 6. Nf3 g6 7. cxd5 Nxd5 8.
Bc4 Nxc3 9. bxc3 Bg7 10. O-O O-O 11. Re1 Qc7 12. Ba3 Bg4 13. Bd5 Bf6 14. h3 Bf5
15. g4 Bd7 16. Rc1 Rfe8 17. Bb3 b5 18. Kg2 Rac8 19. g5 Bg7 20. Re3 Na5 21. Bc5
Nc4 22. Bxc4 bxc4 23. Qe2 Qf4 24. Re1 Bc6 25. Bxe7 Rxe7 26. Rxe7 Qxg5+ 27. Kf1
Qf4 28. Ng1 Bf6 29. Re3 Bg5 30. Nf3 Bh6 31. Ng1 Qh2 32. f3 Qg3 33. Re7 Bg5 34.
Re5 Bh4 35. Rb1 Bd7 36. Qg2 Qf4 37. Re4 Qh6 38. Rd1 Bf5 39. Re5 Bd3+ 40. Ne2
Bf6 {...} 1-0

[Event "Mercredi 2018.11.14 ABCD"]
[Site "Montreal CAN"]
[Date "2018.12.05"]
[Round "4"]
[White "Brodie, Hugh"]
[Black "Gates, Claude-Eric"]
[Result "1-0"]
[WhiteElo "1859"]
[BlackElo "1815"]
[PlyCount "53"]
[EventDate "2018.11.14"]
[EventType "tourn"]
[EventRounds "5"]
[EventCountry "CAN"]

1. Nf3 Nf6 2. b3 g6 3. Bb2 Bg7 4. c4 O-O 5. g3 Nc6 6. Bg2 d5 7. cxd5 Qxd5 8.
O-O Rd8 9. Qc1 Qh5 10. d3 Bh3 11. Nbd2 Bxg2 12. Kxg2 Rac8 13. Nc4 Qd5 14. Ne3
Qd7 15. Qc3 Ne8 16. Qd2 e5 17. Rfd1 Nd6 18. Nc4 Qf5 19. Ne3 Qe6 20. Qc1 Bh6 21.
Qc5 Re8 22. h3 Nf5 23. Ng4 Bf8 24. Qc1 Bg7 25. Ng5 Qd7 26. Ne4 h5 27. Ngf6+ 1-0

[Event "Mercredi 2018.11.14 ABCD"]
[Site "Montreal CAN"]
[Date "2018.12.05"]
[Round "4"]
[White "Have, Didier"]
[Black "Lopez Linares, Lizandro"]
[Result "1-0"]
[WhiteElo "2058"]
[BlackElo "2269"]
[PlyCount "55"]
[EventDate "2018.11.14"]
[EventType "tourn"]
[EventRounds "5"]
[EventCountry "CAN"]

1. d4 d5 2. Bf4 Nf6 3. e3 c5 4. c3 Nc6 5. Bd3 Bg4 6. f3 Bd7 7. Nd2 g6 8. h4
cxd4 9. exd4 Nh5 10. Ne2 Bg7 11. Be3 O-O 12. g4 Nf6 13. h5 e5 14. dxe5 Nxe5 15.
Qc2 Re8 16. Bd4 a6 17. Bxe5 Rxe5 18. O-O-O Qa5 19. hxg6 Rc8 20. gxf7+ Kf8 21.
Kb1 Ba4 22. Nb3 Qc7 23. Ned4 Bd7 24. Nf5 Bxf5 25. Bxf5 Rd8 26. g5 Nd7 27. Nd4
Kxf7 28. Rxh7 1-0

[Event "Mercredi 2018.11.14 ABCD"]
[Site "Montreal CAN"]
[Date "2018.12.05"]
[Round "4"]
[White "Jacquet, Stephane"]
[Black "Barko, Maxim"]
[Result "1-0"]
[WhiteElo "1924"]
[BlackElo "1937"]
[PlyCount "39"]
[EventDate "2018.11.14"]
[EventType "tourn"]
[EventRounds "5"]
[EventCountry "CAN"]

1. Nf3 Nf6 2. d4 e6 3. c4 c5 4. d5 b5 5. dxe6 fxe6 6. cxb5 Bb7 7. g3 d5 8. Bg2
Bd6 9. O-O Nbd7 10. Bg5 Qb6 11. a4 O-O 12. Nc3 Rae8 13. Nd2 Ne5 14. e4 Nd3 15.
Bxf6 Rxf6 16. exd5 Rxf2 17. Nc4 Nxb2 18. Nxb6 Nxd1 19. Rxf2 Nxf2 20. Nc4 1-0

[Event "Mercredi 2018.11.14 ABCD"]
[Site "Montreal CAN"]
[Date "2018.12.05"]
[Round "4"]
[White "Kapush, Oleksandr"]
[Black "Nardone, Raul"]
[Result "1-0"]
[WhiteElo "1753"]
[BlackElo "1747"]
[PlyCount "65"]
[EventDate "2018.11.14"]
[EventType "tourn"]
[EventRounds "5"]
[EventCountry "CAN"]

1. e4 c5 2. Nc3 Nc6 3. g3 g6 4. Bg2 Bg7 5. d3 Rb8 6. f4 d6 7. Nh3 Nf6 8. O-O
Bg4 9. Qd2 Qc8 10. Nf2 Bd7 11. h3 b5 12. g4 b4 13. Ne2 Qc7 14. Ng3 Nd4 15. c3
Nc6 16. Nd1 a5 17. Ne3 Bc8 18. g5 Nd7 19. Nd5 Qa7 20. f5 Be5 21. Qf2 O-O 22.
Bf4 Nb6 23. Bxe5 Nxe5 24. Nf4 Ba6 25. c4 Qc7 26. Rad1 a4 27. Nge2 Kh8 28. Qh4
Qd8 29. Ng3 Bc8 30. Nfe2 e6 31. f6 a3 32. Rf4 h5 33. Nxh5 1-0

[Event "Mercredi 2018.11.14 ABCD"]
[Site "Montreal CAN"]
[Date "2018.12.05"]
[Round "4"]
[White "Langlois-Remillard, Alexis"]
[Black "Abdelaal, Ibrahim"]
[Result "1-0"]
[WhiteElo "2157"]
[BlackElo "2066"]
[PlyCount "73"]
[EventDate "2018.11.14"]
[EventType "tourn"]
[EventRounds "5"]
[EventCountry "CAN"]

1. b3 a5 2. Nc3 e6 3. Bb2 Nf6 4. f4 d5 5. Nf3 d4 6. Nb5 c5 7. e3 Nd5 8. exd4
Nc6 9. g3 Be7 10. c4 Nf6 11. Bg2 O-O 12. dxc5 Qd3 13. Bf1 Qe4+ 14. Qe2 Nb4 15.
Bxf6 Qxe2+ 16. Kxe2 Bxf6 17. d4 a4 18. Bg2 Bd7 19. Nc3 axb3 20. axb3 Rxa1 21.
Rxa1 Bc6 22. Rd1 Rd8 23. Nb5 Na2 24. Ra1 Nb4 25. Kf1 Nc2 26. Ra2 Ne3+ 27. Kf2
Nxg2 28. Kxg2 Kf8 29. Rd2 Ra8 30. Kf2 Ra1 31. Ne5 Rh1 32. Nf3 Bd8 33. Nd6 Ba5
34. Rd3 Ke7 35. d5 Bd7 36. Nxb7 Bb4 37. c6 1-0

[Event "Mercredi 2018.11.14 ABCD"]
[Site "Montreal CAN"]
[Date "2018.12.05"]
[Round "4"]
[White "O'Neill, Brendon"]
[Black "O'Connor, Michael"]
[Result "0-1"]
[WhiteElo "1774"]
[BlackElo "1716"]
[PlyCount "70"]
[EventDate "2018.11.14"]
[EventType "tourn"]
[EventRounds "5"]
[EventCountry "CAN"]

1. e4 c5 2. Nf3 Nc6 3. g3 g6 4. Bg2 Bg7 5. O-O d6 6. d3 Nf6 7. Nbd2 O-O 8. Nh4
Bd7 9. f4 Rb8 10. f5 Ne5 11. Ndf3 Nxf3+ 12. Qxf3 Bc6 13. Qe2 Nd7 14. c3 b5 15.
Be3 b4 16. Qd2 bxc3 17. bxc3 Qa5 18. Rfc1 Rfc8 19. Bh6 Qa3 20. Bxg7 Kxg7 21.
Qg5 f6 22. Qg4 Ne5 23. Qd1 Ba4 24. Qf1 Rb2 25. fxg6 hxg6 26. Bh3 Rcb8 27. Be6
Rd2 28. Nf3 Nxf3+ 29. Qxf3 Rbb2 30. h4 Bb5 31. Bb3 Rxd3 32. Qg4 Rdd2 33. c4
Rg2+ 34. Kf1 Rbf2+ 35. Ke1 Qb4+ 0-1

[Event "Mercredi 2018.11.14 ABCD"]
[Site "Montreal CAN"]
[Date "2018.12.05"]
[Round "4"]
[White "Ostaci, Liviu"]
[Black "Giurgiev, Silvius"]
[Result "1-0"]
[WhiteElo "1712"]
[BlackElo "1713"]
[PlyCount "145"]
[EventDate "2018.11.14"]
[EventType "tourn"]
[EventRounds "5"]
[EventCountry "CAN"]

1. e4 e5 2. Nf3 Nc6 3. Bb5 a6 4. Ba4 Nf6 5. O-O d6 6. Re1 b5 7. Bb3 Be7 8. c3
Na5 9. Bc2 c5 10. h3 O-O 11. d3 Qc7 12. Nbd2 Bb7 13. Nf1 Rac8 14. Ng3 Rfe8 15.
Nf5 Bf8 16. Bg5 Nd7 17. N3h4 f6 18. Bd2 g6 19. Ng3 Bg7 20. Qg4 Nf8 21. Rac1 Qd7
22. Qxd7 Nxd7 23. Ra1 d5 24. exd5 Bxd5 25. c4 Nxc4 26. dxc4 Bxc4 27. Ne4 Rc6
28. b3 Be6 29. Rad1 Nb6 30. Ba5 Nd5 31. Bb1 b4 32. Rc1 Bf8 33. Red1 Kf7 34. Bd3
h6 35. Nf3 Rb8 36. Bf1 Rbc8 37. Rd2 Bg7 38. Rdc2 f5 39. Ned2 e4 40. Ne1 Bd4 41.
Nc4 Rb8 42. Rd1 Bf6 43. f3 Nc3 44. Rd6 Rxd6 45. Nxd6+ Ke7 46. Bc7 Ra8 47. Nc4
Bd4+ 48. Kh1 e3 49. Be5 g5 50. Bxd4 cxd4 51. Nb6 Rd8 52. Bd3 f4 53. Nc4 Kf6 54.
Kh2 h5 55. Rb2 Nd1 56. Rb1 Nc3 57. Ra1 g4 58. h4 g3+ 59. Kg1 Bf5 60. Bxf5 Kxf5
61. Nd3 Rd7 62. Kf1 Nd5 63. a3 a5 64. axb4 axb4 65. Ra5 Kf6 66. Ke1 Rd8 67. Ra7
Re8 68. Nd6 Re6 69. Nc4 Re8 70. Rd7 Ra8 71. Rxd5 Ra1+ 72. Ke2 Rg1 73. Nxf4 1-0

[Event "Mercredi 2018.11.14 ABCD"]
[Site "Montreal CAN"]
[Date "2018.12.05"]
[Round "4"]
[White "Tremblay, Alain"]
[Black "Pomerantz, Daniel"]
[Result "1/2-1/2"]
[WhiteElo "2084"]
[BlackElo "2120"]
[PlyCount "65"]
[EventDate "2018.11.14"]
[EventType "tourn"]
[EventRounds "5"]
[EventCountry "CAN"]

1. e4 c5 2. Nf3 e6 3. d3 Nc6 4. g3 d5 5. Nbd2 Bd6 6. Bg2 Qc7 7. O-O Nf6 8. Re1
d4 9. Nc4 e5 10. Nh4 O-O 11. Nf5 Bxf5 12. exf5 Rfe8 13. Bg5 Nd7 14. Qf3 Be7 15.
Bxe7 Rxe7 16. a3 Rc8 17. Nd2 Nd8 18. Ne4 f6 19. a4 b6 20. Nd2 Nf7 21. Qd5 Nf8
22. Ne4 Qd7 23. Qb3 Kh8 24. g4 Nd6 25. Nxd6 Qxd6 26. Qd5 Rd7 27. Qc4 Re7 28. b3
Rd8 29. Be4 Nd7 30. Qb5 Nf8 31. Qc4 Nd7 32. Qb5 Nf8 33. Qc4 1/2-1/2